| 000 | 01130nam a2200289 a 4500 | ||
|---|---|---|---|
| 001 | 000016905 | ||
| 003 | DO-SdBNP | ||
| 005 | 20250606095949.0 | ||
| 008 | 100312t1996 dr ad r 000 0 spa d | ||
| 040 |
_aDO-SdBNP _bspa _cBNPHU |
||
| 082 | 4 |
_a372.011 _bC921i _222 |
|
| 100 | 1 |
_aCrespo, Manuel _937395 |
|
| 245 | 1 | 0 |
_aImpacto del programa de capacitación de maestros en servicios de educación básica / _cManuel Crespo, Luis Domínguez. |
| 260 |
_aSanto Domingo : _bDe Colores, _c1996. |
||
| 300 |
_a105 p. : _bil., gráfcs. ; _c21 cm. |
||
| 490 | 1 |
_aInvestigación educativa _v2 |
|
| 500 | _aIncluye referencias bibliográficas y notas al pie de páginas. | ||
| 590 | _aInventariado, 2018/BT | ||
| 650 | 4 |
_aEducación primaria _zRepública Dominicana _9740 |
|
| 650 | 0 |
_aEducación primaria _xFormación profesional _xInvestigaciones _91420 |
|
| 650 | 4 |
_aFormación profesional de maestros _zRepública Dominicana _917505 |
|
| 650 | 4 |
_aCapacitacion docente _917506 |
|
| 700 | 1 |
_aDomínguez, Luis _937396 |
|
| 830 | 0 |
_aInvestigación educativa _n2 _937397 |
|
| 910 | _aValidado. Control de calidad. EMS | ||
| 942 |
_2ddc _cLBS1 |
||
| 999 |
_c16437 _d16437 |
||